La catedral de Ciudad Rodrigo (Record no. 152914)

MARC details
000 -LEADER
campo de control de longitud fija 00909nam a2200205 i 4500
001 - NÚMERO DE CONTROL
campo de control 152914
003 - IDENTIFICADOR DE NÚMERO DE CONTROL
campo de control ES-MaACL
005 - FECHA Y HORA DE LA ÚLTIMA TRANSACCIÓN
campo de control 20230906204927.0
008 - DATOS DE LONGITUD FIJA--INFORMACIÓN GENERAL
campo de control de longitud fija 990614q1899 sp a |||| | spa d
040 ## - FUENTE DE CATALOGACIÓN
Centro catalogador/agencia de origen CCPB | B
Lengua de catalogación spa
Centro/agencia transcriptor CCPB | B
100 1# - ENTRADA PRINCIPAL--NOMBRE DE PERSONA
Nombre de persona Cabello y Lapiedra, Luis María.
9 (RLIN) 33183
245 13 - MENCIÓN DEL TÍTULO
Título La catedral de Ciudad Rodrigo
Resto del título : memoria descriptiva /
Mención de responsabilidad, etc. por Luis Mª Cabello y Lapiedra.
260 ## - PUBLICACIÓN, DISTRIBUCIÓN, ETC.
Lugar de publicación, distribución, etc. Barcelona :
Nombre del editor, distribuidor, etc. Asociación de Arquitectos de Cataluña,
Fecha de publicación, distribución, etc. [1899?] (
Fabricante Imp. y Lit. de Henrich y C.ª)
300 ## - DESCRIPCIÓN FÍSICA
Extensión 30 p. :
Otras características físicas il. ;
Dimensiones 27 cm.
594 ## - Nota al título y mención de responsabilidad
Nota al título y mención de responsabilidad Precede al tít.: Asociación de Arquitectos de Cataluña.
596 ## - NOTA AL PIE DE IMPRENTA
NOTA AL PIE DE IMPRENTA Al final del texto consta el año 1899.
610 24 - PUNTO DE ACCESO ADICIONAL DE MATERIA--NOMBRE DE ENTIDAD CORPORATIVA
Nombre de entidad corporativa o nombre de jurisdicción como elemento de entrada Catedral de Santa María (Ciudad Rodrigo)
9 (RLIN) 163134
710 2# - ENTRADA AGREGADA--NOMBRE DE ENTIDAD CORPORATIVA
Nombre de entidad corporativa o nombre de jurisdicción como elemento de entrada Asociación de Arquitectos de Cataluña.
9 (RLIN) 1563
852 ## - LOCALIZACIÓN
Ubicación ES-MaACL
Número de control de estantería T-996-F-1
Nota libre - Enc. hol., conservando la enc. original
-- - Enc. en un vol. facticio
Holdings
Estatus retirado Estado de pérdida Estado de daño No para préstamo Colección Biblioteca de origen Biblioteca actual Ubicación en estantería Fecha de adquisición Total de préstamos Signatura topográfica completa Código de barras Visto por última vez Precio de reemplazo Tipo de ítem Koha
        Colección de folletos Biblioteca del Ateneo de Madrid Biblioteca del Ateneo de Madrid Depósito folletos 17/01/2008   T-996-F-1 1159718 23/02/2023 23/02/2023 Folleto